Ages in Taylor Swift Songs (ALL SONGS) - Statistics

General Stats
  • This quiz has been taken 26 times
    3 since last reset
  • The average score is 19 of 35
Answer Stats
Age Album Song % Correct
22 Red (Taylor's Version) 22
"I don’t know about you
But I’m feelin' twenty-two"
100%
7 Folklore seven "Please picture me in the trees
I hit my peak at seven
Feet in the swing over the creek"
100%
15 Fearless Fifteen "‘Cause when you’re fifteen and somebody tells you they love you You’re gonna believe them"
100%
16 The More Lover Chapter All of the Girls You Loved Before "Secret jokes all alone No one’s home, sixteen and wild"
67%
25 Reputation Dancing With Our Hands Tied"Oh, twenty-five years old Oh, how were you to know?"
67%
19 Speak Now Dear John
"Don’t you think nineteen’s too young to be played by
Your dark, twisted games when I loved you so?"
67%
32 Speak Now Innocent"It's okay, life is a tough crowd Thirty-two and still growing up now"
67%
80 Lover Lover (Remix)"I'll sing love songs to you when we're eighty"
67%
87 Taylor Swift Mary’s Song (Oh My My My)"And I’ll be eighty-seven, you’ll be eighty-nine I’ll still look at you like the stars that shine"
67%
89 Taylor Swift Mary’s Song (Oh My My My)
"And I’ll be eighty-seven, you’ll be eighty-nine
I’ll still look at you like the stars that shine"
67%
7 Taylor Swift Mary’s Song (Oh My My My)"She said I was seven and you were nine I looked at you like the stars that shined"
67%
9 Taylor Swift Mary’s Song (Oh My My My) "She said I was seven and you were nine I looked at you like the stars that shined"
67%
16 Taylor Swift Mary’s Song (Oh My My My)
"Well, I was sixteen when suddenly
I wasn’t that little girl you used to see"
67%
17 Red (Taylor's Version) Nothing New "I know someday I’m gonna meet her, it’s a fever dream The kind of radiance you only have at seventeen"
67%
18 Red (Taylor's Version) Nothing New
"How can a person know everything at eighteen
But nothing at twenty-two?"
67%
22 Red (Taylor's Version) Nothing New"How can a person know everything at eighteen But nothing at twenty-two?"
67%
5 Fearless The Best Day"I’m five years old, it’s gettin' cold, I’ve got my big coat on"
67%
13 Fearless The Best Day"I’m thirteen now and don’t know how my friends could be so mean"
67%
3 Fearless The Best Day"There is a video I found from back when I was three"
67%
30 The Tortured Poets Department The Manuscript"In the age of him, she wished she was thirty And made coffee every morning in a Frеnch press"
67%
19 Midnights (3am Edition) Would’ve, Could’ve, Should’ve"And I damn sure never would’ve danced with the devil At nineteen"
67%
21 Red (Taylor's Version) All Too Well (10 Minute Version)
"But then he watched me watch the front door all night, willin' you to come
And he said, “It’s supposed to be fun turning twenty-one”"
33%
17 Folklore betty"I’m only seventeen, I don’t know anything But I know I miss you"
33%
8 The Life of a Showgirl Eldest Daughter "You know, the last time I laughed this hard was
On the trampoline in somebody’s backyard
I must’ve been about eight or nine
That was the night I fell off and broke my arm"
33%
9 The Life of a Showgirl Eldest Daughter "You know, the last time I laughed this hard was
On the trampoline in somebody’s backyard
I must’ve been about eight or nine
That was the night I fell off and broke my arm"
33%
17 Lover I Think He Knows "It’s like I’m seventeen, nobody understands No one understands"
33%
14 Speak Now Never Grow Up
"At fourteen, there’s just so much you can’t do
And you can’t wait to move out someday and call your own shots"
33%
15 Evermore no body, no crime"Good thing my daddy made me get a boating license when I was fifteen"
33%
25 The Tortured Poets Department Peter"And you said you'd come and get me, but you were twenty-five And the shelf life of those fantasies has expired"
33%
23 Evermore right where you left me"She's still twenty-three inside her fantasy How it was supposed to be"
33%
16 The Tortured Poets Department: The Anthology So High School"The brink of a wrinkle in time
Bittersweet sixteen suddenly"
33%
6 The Tortured Poets Department The Bolter"By all accounts, she almost drowned When she was six in frigid water"
33%
16 Folklore invisible string
"Teal was the color of your shirt
When you were sixteen at the yogurt shop"
0%
16 Lover Miss Americana & the Heartbreak Prince "I’m crazier for you Than I was at sixteen, lost in a film scene"
0%
17 Red Starlight"I met Bobby on the boardwalk, summer of ‘45 Picks me up late one night, out the window We were seventeen and crazy, runnin’ wild, wild"
0%
No matching quizzes found
Score Distribution
Percent of People with Each Score
Percentile by Number Answered
Your Score History
You have not taken this quiz since the last reset